| 000 | 01092nam a2200313 4500 | ||
|---|---|---|---|
| 003 | OSt | ||
| 005 | 20260530113853.0 | ||
| 008 | 260421b2007 mx a|||| |||| 00| 0 spa d | ||
| 020 | _a9789685852487 | ||
| 040 |
_aICI _bspa _cICI |
||
| 041 |
_aspa _h ita |
||
| 050 |
_aTS171 _bV4918 |
||
| 100 | 1 |
_aVezzoli, Carlo _931463 |
|
| 240 |
_aDesign per la sostenibilitá ambientale. _lEspañol |
||
| 245 | 1 | 0 |
_aDiseño de Productos Ambientalmente Sustentables _cCarlo Vezzoli, Ezio Manzini ; (traducción: Ana María Lozada) |
| 264 | 1 |
_b Editorial Designio _c2015 _a México |
|
| 300 |
_a322 páginas _bilustraciones _c23.0 cm. |
||
| 336 |
_atexto _2rdacontent |
||
| 337 |
_asin medio _2rdamedia |
||
| 338 |
_avolumen _2rdacarrier |
||
| 490 | 0 | _aDesignio/Libros de diseño | |
| 650 | 4 |
_aDiseño de producto _xAspectos ambientales _931464 |
|
| 650 | 4 |
_aDiseño industrial _xAspectos ambientales _931465 |
|
| 650 | 4 |
_a Diseño sustentable _931466 |
|
| 700 | 1 |
_aManzini, Ezio, _eautor _931467 |
|
| 700 | 1 |
_a Lozada, Ana María _etraductor _931468 |
|
| 700 | 1 |
_aVezzoli, Carlo. _931463 |
|
| 942 |
_2ddc _cBK |
||
| 999 |
_c11537 _d11537 |
||